| 000 | 01286nam0a22003011 4500 | ||
|---|---|---|---|
| 001 | rc\1927730 | ||
| 005 | 20260406015517.0 | ||
| 035 | _a(NLR Aleph) 005290692 | ||
| 090 |
_a6187115 _c6187115 |
||
| 100 | _a20080404d1912 |||y0rusy50 ca | ||
| 101 | 1 |
_arus _ceng |
|
| 102 | _aRU | ||
| 105 | _ay z ||||| | ||
| 200 | 1 |
_aСон про Джона Болла _d(A dream of John Ball) _eНовелла _fВилльям Моррис _gПер. с англ. с предисл. и примеч. А.В. Каменского _zeng |
|
| 205 | _a[2-е изд.] | ||
| 210 |
_aМосква _c"Польза" В. Антик и К° _d[1912] |
||
| 215 |
_a110, [1] с. _d14 |
||
| 225 | 1 |
_aУниверсальная библиотека _v№ 376 |
|
| 510 | 0 |
_a(A dream of John Ball) _zeng |
|
| 700 | 1 |
_8rus _7ca _aМоррис _bУ. _f1834-1896 _gУильям _3RU\NLR\AUTH\7721806 _94867 |
|
| 702 | 1 |
_4730 _4080 _4212 _8rus _7ca _aКаменский _bА. В. _cжурналист, переводчик _f1843-1913 _gАндрей Васильевич _3RU\NLR\AUTH\77120990 _9103915 |
|
| 801 | 0 |
_aRU _bNLR _c20080404 _gpsbo |
|
| 801 | 0 |
_aRU _bRuMoRGB _c20080404 _2psbo |
|
| 801 | 1 |
_aRU _bProSoft-M _c20080404 _2rusmarc |
|
| 801 | 2 |
_aRU _bNLR _c20130311 _2rusmarc |
|
| 852 |
_aNLR _j37.47.10.1(№ 376) |
||
| 942 | _cBOOK | ||
| 980 | _aNB | ||